MDQL
is popping MORE tags! Check the
thread
!
Quizzes
Events
Quiz Creation
Community
Videos
Private Events
Remove Ads
Sign In
Join for FREE
Feedback
Dark Mode
Quiz Categories
Sports
Geography
Music
Movies
Television
Just For Fun
Miscellaneous
History
Literature
Language
Science
Gaming
Entertainment
Religion
Holiday
For Kids
Quiz Lab
Recent
Popular Today
Quiz Kudos Today
Editor Picks
Curator Picks
Quizzes by...
Day
Popularity
Type
Ratings
Length
Year
Community
Subscriptions
Recent Discussions
Orange Saloon
Badges
Playlists
Quests
Create
Leaderboards
Showdown
Live 5
Trivia Bingo
Activity
Puzzle Library
Sporcle Events
Private Events
Virtual Trivia
Globe League
Become a Host
Pub Owners
SporcleCon
Opinionation
Our Games
Videos
Blog
Mobile Apps
Partnerships
Remove Ads and Go Orange
Feedback
Music
Pop Music
The Beatles
Song
Album
Lyrics
Bands
Singers
Artist
Clip
Rock
Rap
Classical
Billboard
Country Music
Kpop
Taylor Swift
Music
Pop Music
The Beatles
Song
Album
Lyrics
Bands
Singers
Artist
Clip
Rock
Rap
Classical
Billboard
Country Music
Kpop
Taylor Swift
Random Quiz
Search Sporcle
×
Quiz Lab
Quiz Lab
Music
Lyrics
Type in answers that appear in a list
Type in answers that appear in a list
Classic
Best Score? Go Orange.
''You're Going Down'' Sick Puppies lyrics Stats
Can you name the lyrics to ''You're Going Down'' by Sick Puppies?
By
randomname25
11m
269 Questions
110 Plays
110 Plays
110 Plays
Comments
Comments
Give Quiz Kudos
Give Quiz Kudos
-
- Ratings
hide this ad
Replay
Link that replays current quiz
Next Quiz
Link to next quiz in quiz playlist
You Got
0%
They Got
Avg Score
83%
Avg Friend Score
Upgrade to see
Score Distribution
Jump to the score distribution portion of the page
Score
0/269
Timer
11:00
0
Plays Today
Answer
% Correct
The
97.3%
The
97.3%
And
97.3%
A
97.3%
The
97.3%
A
97.3%
And
97.3%
The
97.3%
A
97.3%
A
97.3%
The
97.3%
The
97.3%
A
97.3%
The
97.3%
A
97.3%
And
97.3%
The
97.3%
A
97.3%
The
97.3%
And
97.3%
The
97.3%
A
97.3%
The
97.3%
The
97.3%
A
97.3%
Do
96.4%
I
96.4%
It
96.4%
It
96.4%
I
96.4%
I
96.4%
I
96.4%
It
96.4%
I
96.4%
I
96.4%
You
95.5%
You
95.5%
You
95.5%
You
95.5%
You
95.5%
Of
94.5%
Me
94.5%
Of
94.5%
Me
94.5%
Of
94.5%
Of
94.5%
Of
94.5%
Of
94.5%
Of
94.5%
Of
94.5%
Of
94.5%
Of
94.5%
Of
94.5%
Of
94.5%
Of
94.5%
Your
93.6%
It's
93.6%
It's
93.6%
Go
93.6%
It's
93.6%
It's
93.6%
Your
93.6%
It's
93.6%
It's
93.6%
It's
93.6%
Your
93.6%
Your
93.6%
It's
93.6%
Is
92.7%
Down
92.7%
Is
92.7%
Down
92.7%
Is
92.7%
Down
92.7%
Is
92.7%
Down
92.7%
Is
92.7%
Is
92.7%
Down
92.7%
Is
92.7%
Down
92.7%
Is
92.7%
Down
92.7%
Is
92.7%
Is
92.7%
Down
92.7%
Is
92.7%
Down
92.7%
To
91.8%
To
91.8%
Answer
% Correct
Going
91.8%
Going
91.8%
Going
91.8%
Going
91.8%
Going
91.8%
Going
91.8%
Going
91.8%
Going
91.8%
Going
91.8%
Going
91.8%
Going
91.8%
On
90.9%
Comin
90%
I'm
90%
I'm
90%
Coming
90%
I'm
90%
I'm
90%
I'm
90%
Feel
88.2%
One
88.2%
Us
88.2%
One
88.2%
Us
88.2%
One
88.2%
Feel
88.2%
One
88.2%
Us
88.2%
One
88.2%
Us
88.2%
One
88.2%
Us
88.2%
One
88.2%
One
88.2%
Us
88.2%
One
88.2%
Us
88.2%
One
88.2%
Us
88.2%
One
88.2%
Us
88.2%
What
87.3%
When
87.3%
If
87.3%
If
87.3%
What
87.3%
When
87.3%
When
87.3%
Be
87.3%
Off
86.4%
Makes
86.4%
Want
86.4%
Time
86.4%
Time
86.4%
Time
86.4%
More
85.5%
Coming
85.5%
We
84.5%
Fight,
84.5%
My
84.5%
Been
84.5%
Long
84.5%
My
84.5%
Been
84.5%
Long
84.5%
My
84.5%
Long
84.5%
That
83.6%
That
83.6%
Heat
82.7%
Around
82.7%
Cause
82.7%
Around
82.7%
Cause
82.7%
Cause
82.7%
Cause
82.7%
Cause
82.7%
Turned
81.8%
Not
81.8%
Now
81.8%
Turned
81.8%
Not
81.8%
Now
81.8%
Now
81.8%
Not
81.8%
Now
81.8%
We're
80.9%
In
80.9%
Blacktop
80%
Ready
80%
Answer
% Correct
Know
80%
Know
80%
Know
80%
Table's
80%
Little
80%
Ready
80%
Table's
80%
Little
80%
Little
80%
Little
80%
Out
78.2%
Other
77.3%
Running,
77.3%
For
77.3%
Running,
77.3%
For
77.3%
You're
77.3%
Running,
77.3%
Guy
76.4%
Coming
76.4%
Bored
75.5%
Put
75.5%
Different
75.5%
Like
75.5%
But
75.5%
Like
75.5%
Different
75.5%
But
75.5%
But
75.5%
But
75.5%
Different
75.5%
Meaning
74.5%
War
74.5%
Wouldn't
74.5%
Meaning
74.5%
Don't
74.5%
Face
73.6%
Face
73.6%
Define
72.7%
Money
72.7%
Define
72.7%
Fun
72.7%
Cry
72.7%
Floor
72.7%
Control
71.8%
Pain
71.8%
That's
70.9%
Can
70%
Fist
70%
Got
70%
Get
68.2%
This
68.2%
*****
68.2%
This
68.2%
Another
67.3%
Another
67.3%
Message
66.4%
Yeah,
66.4%
Hits
65.5%
Hits
65.5%
So
64.5%
Take
63.6%
Can't
63.6%
Gun
62.7%
Memory
62.7%
Words
61.8%
Was
61.8%
Never
61.8%
******
60.9%
Fighting
60.9%
Let's
60%
Trip
60%
Lane
60%
Brain
60%
Ignore
60%
Because
58.2%
Druggin
58.2%
****
58.2%
It'll
58.2%
Up
56.4%
Or
54.5%
Worth
54.5%
Hardly
50.9%
Treat
48.2%
Hyped
46.4%
All
44.5%
Circling
40%
Same
40%
Pretty
23.6%
Quiz Playlist
Details
Report
Send in Message
Add To Playlist
Classic:
Type in answers that appear in a list
Last Updated: Mar 2, 2018
Quiz Scoreboard
CHALLENGE
Sign Up to Join the Scoreboard
Show All
Scores
Hide
Comments
May contain spoilers
Recently Published
Image Sorting: Flags VI
by Barbecue
Geography
2m
Find the 'City' Movie
by crazypaving
Movies
60s
5x2 Blitz: Bands
by SL_Kpop136
Music
30s
More to Explore
Quiz From the Vault
Featured Blog Post
14 Easter Pick-up Lines to Find Eggs With
hide this ad
You Might Also Like...
Tags
Lyrics Quiz
Down
Figure Out the Lyrics
Missing Lyrics
Original Lyrics
Rock Lyrics
sick
Today's Top Quizzes in Music
Browse Music
hide this ad
Today's Top Quizzes in Lyrics
Browse Lyrics
Top Contributed Quizzes in Music
1
5X2 Blitz: Bands II
2
5X2 Blitz: The Beatles
3
Taylor Swift All Songs (2024)
4
5X2 Blitz: Billboard
5
5X2 Blitz: Billboard II
6
5X2 Blitz: Album
7
Taylor Swift Logic Puzzle II
8
5X2 Blitz: Singers
9
5X2 Blitz: Rock
10
5X2 Blitz: Lyrics
Explore More
Trending Topics
Kpop
Anime
Crossword
Marvel
Harry Potter
Disney
NBA
Soccer
WWE
Puzzle
Song
The Office
NFL
Pokémon
Country
hide this ad
More By:
randomname25
Quiz
Plays
Rating
Category
Featured
Created
''Mad Hatter'' Melanie Martinez
2,635
4.80
Music
Apr 25, 2018
''I Got No Time'' (Fnaf) Living Tombstone
2,464
4.50
Gaming
Jan 11, 2017
Name all the Godzilla Kaiju (hard)(colored)
1,823
5.00
Movies
May 10, 2017
''I'm Still Standing'' Elton John
1,747
4.60
Music
Mar 22, 2018
Undertale-'Stronger Than You Sans'
1,575
4.50
Gaming
Jan 12, 2017
Go to Creator's Profile
Score Distribution
Quiz Creator Spotlight
randomname25
Follow
Send a Message
Quizzes Created
-
Created Quiz Play Count
-
More By This Creator
Popular Quizzes Today
1
Colored Red Africa Blitz
2
Find the US States - No Outlines Minefield
3
Find the 'City' Movie
4
5x2 Blitz: Bands
5
The Countries of the World
6
Find the US States
7
Find the Countries of Europe - No Outlines Minefield
8
US States
More Music Quizzes
5-to-1: #1 Hits by Artist II
Published
Trending Quizzes
Colored Red Europe Blitz I
Colored Red Europe Blitz II
Colored Red Africa Blitz II
Colored Red Europe Blitz III
Colored Red Africa Blitz III
Recently Updated
How Do You Spell That?
pecheneg
Godzilla Movies
pecheneg
Grab Bag: 4-10 Letters
pecheneg
2024 March Madness Bracket
pecheneg
Famous TV Couples
Peacemaker
Champions League XIs: Real Madrid
pecheneg
Largest US Cities 1790-2010
pecheneg
Rides in Walt Disney World
pecheneg
Most Oscar Losses (Acting)
pecheneg
Beyoncé Albums
pecheneg
Trending Topics
Kpop
Crossword
NBA
Marvel
Disney
Harry Potter
Anime
Soccer
Puzzle
WWE
Country
The Office
Song
Pokémon
NFL
Your Account Isn't Verified!
In order to create a playlist on Sporcle, you need to verify the email address you used during registration. Go to your
Sporcle Settings
to finish the process.
Report this User
Report this user for behavior that violates our
Community Guidelines
.
Details:
Send Report
Go to the Sporcle.com Mobile Site →
Comments